Argentina en el contexto económico internacional (Registro nro. 25391)
[ vista simple ]
| 000 -LEADER | |
|---|---|
| fixed length control field | 00330 a2200109 4500 |
| 001 - CONTROL NUMBER | |
| control field | ART_11229 |
| 005 - DATE AND TIME OF LATEST TRANSACTION | |
| control field | 20260410161855.0 |
| 008 - FIXED-LENGTH DATA ELEMENTS--GENERAL INFORMATION | |
| fixed length control field | 260409a |
| 100 1# - MAIN ENTRY--PERSONAL NAME | |
| Personal name | Frediani, Ramón O. |
| 245 10 - TITLE STATEMENT | |
| Title | Argentina en el contexto económico internacional |
| 773 0# - HOST ITEM ENTRY | |
| Title | Revista de Economía |
| Related parts | - Nº 40 (mar. 1984) |
| Record control number | REV11077 |
No hay ítems disponibles.